000 00902pam a2200277 a 4500
001 1544211
003 OSt
005 20150928152330.0
008 911016s1992 ohua 001 0 eng
010 _a 91039124
020 _a0538821655
040 _aDLC
_cDLC
_dDLC
050 0 0 _aHF5657.4
_b.H36 1992
082 0 0 _a658.15/11
_220
100 1 _aHansen, Don R.
245 1 0 _aManagement accounting /
_cDon R. Hansen, Maryanne M. Mowen.
250 _a2nd ed.
260 _aCincinatti, Ohio :
_bCollege Division, South-Western Pub. Co.,
_cc1992.
300 _axxi, 1048 p. :
_bill. ;
_c24 cm.
500 _aIncludes index.
650 0 _aManagerial accounting.
700 1 _aMowen, Maryanne M.
906 _a7
_bcbc
_corignew
_d1
_eocip
_f19
_gy-gencatlg
942 _2lcc
_cBK
999 _c250191
_d250191